Movies by Main Actors pt. 3 - Statistics

General Stats
  • This quiz has been taken 58 times
  • The average score is 9 of 20
Answer Stats
Hint Answer % Correct
Tom Holland, Zendaya, Jacob Batalon Spider Man
85%
Zac Efron, Vanessa Hudgens High School Musical
81%
Brad Pitt, Morgan Freeman, Kevin Spacey Seven
73%
Robin Williams, Sally Field, Pierce Brosnan Mrs. Doubtfire
65%
Ben Affleck, Henry Cavill, Gal Gadot Batman v Superman
58%
Michael B. Jordan, Sylvester Stallone, Tessa Thompson Creed
56%
Bruce Willis, Ben Affleck, Steve Buscemi, Liv Tyler Armageddon
54%
Jesse Eisenberg, Dave Franco, Woody Harrelson Now You See Me
48%
Auli'i Cravalho, Dwayne Johnson Moana
46%
Samuel L. Jackson, Ryan Reynolds The Hitman's Bodyguard
46%
Mel Gibson, Sophie Marceau Braveheart
44%
Zachary Levi, Jack Dylan Grazer, Asher Angel Shazam
42%
Owen Wilson, Jennifer Aniston Marley & Me
40%
Dwayne Johnson, Kevin Hart, Amy Ryan Central Intelligence
37%
Dove Cameron, Sofia Carson, Booboo Stewart, Cameron Boyce Descendants
35%
Sandra Bullock, Trevante Rhodes, John Malovich Bird Box
29%
Vera Farmiga, Patrick Wilson The Conjuring
29%
Hailee Steinfeld, John Cena Bumblebee
27%
Jeremy Renner, Jon Hamm, Ed Helms, Hannibal Buress, Jake Johnson Tag
27%
Kevin James, Bas Rutten, Salma Hayek Here Comes the Boom
21%
No matching quizzes found
Score Distribution
Percent of People with Each Score
Percentile by Number Answered
Your Score History
You have not taken this quiz